LEADER 01366nam0-2200397---4500 001 990009079810403321 005 20170228111903.0 035 $a000907981 035 $aFED01000907981 035 $a(Aleph)000907981FED01 035 $a000907981 100 $a20090728d19661971km-y0itay50------ba 101 0 $ager 102 $aDE 105 $ay-------001yy 200 1 $aOrientalische Geschichte von Kyros bis Mohammed 210 $aLeiden$cBrill$d1966-1971 215 $a2 v.$d24 cm 225 1 $aHandbuch der Orientalistik$h1. Abt.$i<>Nahe und der Mittlere Osten$h2. Band$iKeilschriftforschung und alte Geschichte Vorderasiens$v4. abschnitt 327 0 $aLieferung 1A / mit Beiträgen von E. Visser und H. Volkmann$a2 / mit Beiträgen von A. Dietrich, G. Widengren, F. M. Heichelheim 610 0 $aMedio Oriente$aStoria 610 0 $aEgitto$aStoria antica 676 $a932 702 1$aVisser,$bElizabeth 702 1$aVolkmann,$bHans$f<1900-1975> 702 1$aDietrich,$bAlbert$f<1873-1961> 702 1$aWidengren,$bGeo 702 1$aHeichelheim, Fritz M. 801 0$aIT$bUNINA$gRICA$2UNIMARC 901 $aBK 912 $a990009079810403321 952 $a932 ...$b46668 Bibl.$fFLFBC 952 $a932 ...$b40125 bibl,$fFLFBC 959 $aFLFBC 996 $aOrientalische Geschichte von Kyros bis Mohammed$9784575 997 $aUNINA LEADER 01457nam 2200445 450 001 9910465109003321 005 20200520144314.0 010 $a1-4982-8926-6 035 $a(CKB)3710000000666682 035 $a(MiAaPQ)EBC4835573 035 $a(Au-PeEL)EBL4835573 035 $a(CaPaEBR)ebr11369747 035 $a(OCoLC)956400676 035 $a(EXLCZ)993710000000666682 100 $a20170420h20162016 uy 0 101 0 $aeng 135 $aurcnu|||||||| 181 $2rdacontent 182 $2rdamedia 183 $2rdacarrier 200 10$aGiving a voice to the voiceless $ea qualitative study of reducing marginalization of lesbian, gay, bisexual and same-sex attracted students at Christian colleges and universities /$fChristopher Yuan 210 1$aEugene, Oregon :$cWipf and Stock,$d2016. 210 4$d©2016 215 $a1 online resource (172 pages) $cillustrations, tables 311 $a1-4982-8925-8 320 $aIncludes bibliographical references. 606 $aHomosexuality and education 606 $aSexual minority college students 608 $aElectronic books. 615 0$aHomosexuality and education. 615 0$aSexual minority college students. 676 $a371.8266 700 $aYuan$b Christopher$0931443 801 0$bMiAaPQ 801 1$bMiAaPQ 801 2$bMiAaPQ 906 $aBOOK 912 $a9910465109003321 996 $aGiving a voice to the voiceless$92095250 997 $aUNINA LEADER 01623nam 2200517 450 001 9910817213003321 005 20231110234645.0 010 $a2-296-45392-9 035 $a(CKB)3780000000043091 035 $a(SSID)ssj0000708874 035 $a(PQKBManifestationID)12218410 035 $a(PQKBTitleCode)TC0000708874 035 $a(PQKBWorkID)10649926 035 $a(PQKB)11091964 035 $a(MiAaPQ)EBC6669756 035 $a(Au-PeEL)EBL6669756 035 $a(OCoLC)1260346501 035 $a(EXLCZ)993780000000043091 100 $a20220703d2011 uy 0 101 0 $afre 135 $aurcnu|||||||| 181 $ctxt 182 $cc 183 $acr 200 10$aPour une Sortie de Crise Positive $eArticuler la Construction Autogestionnaire Avec le de?pe?rissement de L'Etat /$fJean-Pierre Lefebvre 210 1$aParis :$cL'Harmattan,$d[2011] 210 4$d©2011 215 $a1 online resource (258 pages) 225 0 $aQuestions contemporaines Pour une sortie de crise positive 300 $aBibliographic Level Mode of Issuance: Monograph 311 $a2-296-13720-2 410 0$aQuestions Contemporaines 606 $aSocialism$zFrance 606 $aCooperative societies$zFrance 607 $aFrance$xPolitics and government$y2007-2012 615 0$aSocialism 615 0$aCooperative societies 676 $a335.00944 700 $aLefebvre$b Jean-Pierre$f1933-$01079466 801 0$bMiAaPQ 801 1$bMiAaPQ 801 2$bMiAaPQ 906 $aBOOK 912 $a9910817213003321 996 $aPour une Sortie de Crise Positive$93970616 997 $aUNINA